000 00845nam a22002657a 4500
999 _c8413
_d8413
003 AR-CdUCM
008 190325b ||||| |||| 00| 0 spa d
040 _aMUNICIPALIDAD PROVINCIAL DEL CUSCO
_cBIBLIOTECA MUNICIPAL DEL CUSCO
041 _heng
082 _a160 /
_bSA17
100 _aSalmon, Wesley C.
_923610
245 _aLogica /
260 _aMexico :
_bHispano americana
_c1965.
300 _a177 paginas ;
_c17 cm.
440 _aManuales Uteha
_n292/292a
_923611
500 _aTitulo original : Logic
505 _aContenido : Objeto de la lógica -- Deducción -- Inducción -- Lógica y lenguaje.
650 _aLógica
_92358
650 _aInducción
_923612
650 _aSilogismo estadístico
_923613
650 _aDeducción
_914711
700 _aGerhard, Carlos (Traductor)
_98030
942 _2ddc
_cLIBROS
945 _awnts